00345nam a2200145Ia 4500003000400000008004100004040001600045082001800061100001900079245003200098260003300130300001100163650001000174650001500184GCL140319s9999 xx 000 0 eng d aGCL / cGCL04a751.4252bU S1 aUCHIYAMA, UKAI10aSUMI - E / cUCHIYAMA, UKAI a[S.N] : bHAIKUSHA ، c1992 a136 PP04aJAPAN04aART, JAPAN